000 00755nam a2200253 a 4500
001 BRCA_4345
005 20190320204633.0
008 041208s1940----mx-a---###---#000-0#spa-u
041 _aspa
044 _amx
050 4 _aZ8362.4
_b.E88 2
_c1940
100 1 _aEstrada, Genaro
_d1887-1937
_97738
245 1 0 _aBibliografía de Goya
_cGenaro Estrada.
260 _aMéxico
_bLa Casa de España en México
_c1940
300 _a117 p.
_c25 cm.
500 _aEjemplar igual a AA69
500 _aD118
504 _aIncluye referencias bibliográficas
600 1 4 _aGoya y Lucientes, Francisco José de
_d1746-1828
_vBibliografía
_97739
650 1 4 _aGrabadores españoles
_97740
650 1 4 _aPintores españoles
_97620
902 _aGFM
942 _2lcc
_cB
999 _c4056
_d4056